| 000 | 00751nam a22001937a 4500 | ||
|---|---|---|---|
| 999 |
_c10195 _d10195 |
||
| 003 | AR-CdUCM | ||
| 008 | 190329b ||||| |||| 00| 0 spa d | ||
| 040 |
_aMUNICIPALIDAD PROVINCIAL DEL CUSCO _cBIBLIOTECA MUNICIPAL DEL CUSCO |
||
| 082 |
_a347 / _bQ62 / 1927 |
||
| 100 |
_aQuintana, Enrique J. _926904 |
||
| 245 | _aElementos de derecho comercial / | ||
| 260 |
_aBuenos Aires : _bPedro M. Aquino y cia, _c1927. |
||
| 300 |
_a184 páginas ; _c25 cm. |
||
| 505 | _aContenido: Nociones generales -- De los contratos -- Sociedad mercantil -- De la letra de cambio -- De la letra de cambio, papales de comercio y cuenta corriente ... | ||
| 650 |
_aDerecho comercial _95195 |
||
| 650 |
_aSociedad mercantil _98847 |
||
| 942 |
_2ddc _cLIBROS |
||
| 945 | _aacv | ||